Overseas Territories of France - Statistics

General Stats
  • This quiz has been taken 3,399 times
  • The average score is 8 of 17
Answer Stats
Hint Answer % Correct
Overseas department / region South America French Guiana
93%
Overseas department / region Caribbean Martinique
79%
Overseas department / region Indian Ocean Réunion
79%
Overseas department / region Caribbean Guadeloupe
76%
Overseas collectivity South Pacific Ocean French Polynesia
71%
Overseas collectivity Caribbean Saint Martin
69%
Overseas department / region Mozambique Channel Mayotte
62%
Sui generis collectivity South Pacific Ocean New Caledonia
62%
Overseas collectivity North Atlantic Saint Pierre and Miquelon
57%
Overseas collectivity Caribbean Saint Barthélemy
44%
Overseas collectivity South Pacific Ocean Wallis and Futuna
37%
TAAF district Indian Ocean Kerguelen Islands
20%
French State Private Property Central America Clipperton
19%
TAAF district Antarctica Adélie Land
11%
TAAF district Indian Ocean Crozet Islands
8%
TAAF district Indian Ocean Saint-Paul Island and Amsterdam Island
8%
TAAF district Indian Ocean / Mozambique Channel Scattered Islands in the Indian Ocean (Banc du Geyser, Bassas da India, Europa, Glorioso Islands, Juan de Nova, Tromelin Island)
5%
No matching quizzes found
Score Distribution
Percent of People with Each Score
Percentile by Number Answered
Your Score History
You have not taken this quiz